Daily Capital City Riddle #116 - Statistics

General Stats
  • This quiz has been taken 43 times
  • The average score is 29 of 35
Answer Stats
Type Answer % Correct
Found Letter E
100%
Found Letter N
100%
Alphabet Letter T
100%
Found Letter A
98%
Found Letter B
98%
Found Letter D
98%
Alphabet Letter I
98%
Alphabet Letter O
98%
Alphabet Letter R
98%
Found Letter S
98%
Alphabet Letter C
95%
Alphabet Letter L
95%
Correctly Placed Letter S
95%
Alphabet Letter G
93%
Alphabet Letter M
93%
Correctly Placed Letter N
93%
Found Letter U
93%
Found Letter H
88%
Alphabet Letter K
88%
Alphabet Letter W
88%
Alphabet Letter P
83%
Correctly Placed Letter H
78%
Alphabet Letter V
78%
Correctly Placed Letter U
75%
Alphabet Letter Y
73%
Correctly Placed Letter A
68%
Correctly Placed Letter E
68%
Alphabet Letter J
68%
Alphabet Letter Z
68%
Correctly Placed Letter D
65%
Alphabet Letter X
65%
Correctly Placed Letter B
63%
Mystery Capital Dushanbe
63%
Alphabet Letter F
63%
Alphabet Letter Q
63%
No matching quizzes found
Score Distribution
Percent of People with Each Score
Percentile by Number Answered
Your Score History
You have not taken this quiz